| 000 | 00539 a2200181 4500 | ||
|---|---|---|---|
| 999 |
_c32013 _d32013 |
||
| 003 | OSt | ||
| 005 | 20260129100223.0 | ||
| 008 | 260115b ||||| |||| 00| 0 eng d | ||
| 020 | _a978-93-325-5194-7 | ||
| 040 | _c. | ||
| 082 |
_a006.3 _bP3171 |
||
| 100 |
_96479 _aPatterson, Dan W. |
||
| 245 |
_aIntroduction to Artificial Intelligence and Expert Systems / _cby Dan W. Patterson |
||
| 260 |
_bPearson India Education Services Pvt Ltd, _aIndia : _c2015. |
||
| 300 | _a448 p. | ||
| 650 | 0 |
_93233 _aArtificial intelligence |
|
| 942 |
_2ddc _cBK |
||